000 00718nam a22002057a 4500
005 20251108165414.0
008 250721s1987 xx 000 0 ara d
082 1 4 _aم/213.1/لكن
100 1 _aاللكنوني، أبو الحسنات محمد عبد الحي
245 1 0 _aالرفع و التكميل في الجرح و التعديل /
250 _aط3 مزيدة.
264 1 _aحلب :
_bمكتب المطبوعات ا لإسلاميه،
_c1987.
300 _a564ص.
490 0 _aمؤلفات الإمام اللكنوني ؛1
650 1 7 _aالإسلام
650 1 7 _aالحديث الشريف
700 1 _aأبو غدة، عبد الفتاح
_eتحقيق
942 _2ddc
_cREF
999 _c27123
_d27123